| 000 | 00691 a2200193 4500 | ||
|---|---|---|---|
| 999 |
_c4450 _d4450 |
||
| 010 | _aENG-86370 | ||
| 020 |
_a978817534590X _c995.00 |
||
| 035 | _aEN-69903 | ||
| 037 | _bDBAD / PUB | ||
| 082 | 1 | 4 | _a340.5 |
| 100 | 1 | _aRattigan, W.H. | |
| 245 | 1 |
_aCustomary law : _cby W.H.Rattigan _bas at present ascertained / |
|
| 250 | _a16th ed. | ||
| 260 |
_aDelhi _bUniversal Law Publishing _c2007 |
||
| 270 |
_aC-FF-1A, Dilkhush Industrial Estate, (Opp. Hans Cinema, Azadpur), G.T. Karnal Road, _bDelhi _cNew Delhi _e110 033 _k011-27438103 _l011-27458529 _msales@unilawbooks.com |
||
| 300 |
_axxxiv, 960p. _c25cm (Hb.) |
||
| 500 | _aIncludes index | ||
| 942 |
_adpl _cEN _2ddc _h340.5 _mRAT |
||